000 00450nam a2200145Ia 4500
008 151021s9999 xx 000 0 und d
020 _a810857421
050 _aCD 974.4 .E38 2002
245 _a_Effective Approaches for Managing Electronic Records and Archives Dearstyne W. Bruce
260 _aMaryland Scarecrow 2002
300 _aix,167p.
500 _aIncludes index
650 _a_Electronic records
980 _a^d20140227 11:02:35^okorir
999 _c8522
_d8522